000 01403nam a22003137a 4500
999 _c21423
_d21423
003 AR-CdUCM
008 190220b ||||| |||| 00| 0 spa d
020 _a9789972515668
040 _aMUNICIPALIDAD PROVINCIAL DEL CUSCO
_cBIBLIOTECA MUNICIPAL DEL CUSCO
082 _a985.033/G59
_bG59
_22a ed. corr.
100 _aGolte, Jürgen
_946
245 _aRepartos y rebeliones :
_bTúpac Amaru y las contradicciones de la economía colonial /
_cJürgen Golte
260 _aLima :
_bInstituto de Estudios Peruanos, IEP,
_c2016.
300 _a281 páginas ;
_bmapas,
_c23 cm.
440 _a Estudios históricos;
_n6.
_944708
440 _aColección Clásicos;
_n1.
_944709
505 _aContenido: Desarrollo del comercio y de la producción -- Economía y sociedad -- Sistema de repartimientos mercantil -- Protesta contra los repartimientos mercantiles -- Fin del sistema de repartimientos mercantiles y crisis de la economía virreinal -- Cartografía.
650 _aTúpac Amaru, José Gabriel
_944710
650 _aInsurrecciones de campesinos
_944711
650 _aIndígenas del Perú
_95715
650 _aHistoria económica
_913
650 _aRebeliones campesinas
_944712
650 _aLevantamientos andinos
_944095
650 _aVirreinato
_96280
650 _aSistemas económicos
_98539
710 _aInstituto de Estudios Peruanos (Lima)
_99759
942 _2ddc
_cLIBROS
945 _aRoel